000 00422nam a2200181Ia 4500
003 OSt
005 20221222115110.0
008 210210b1914 xxu||||| |||| 00| 0 eng d
040 _cAL
041 _aeng
082 _a336/80
100 _aDAY (C)
_967525
245 _aHistory of commerce
260 _aNew York
_bLongmans Green & Co
_c1914
690 _aEconomic History
_967526
906 _a004817
942 _2ddc
_cBK
999 _c128419
_d128419